000 00522nam a2200193Ia 4500
005 20260429112209.0
008 260429s9999||||xx |||||||||||||| ||und||
020 _a9789369149667
041 _aEnglish
082 _a625.1
_bGKP
100 _aGKP
245 0 _aRRB assistant loco pilot and technician :
_bphase I (CBT) /
_cGKP
250 _a1st ed.
260 _aHaryana :
_bG K Publications (P) Ltd,
_c2025.
300 _apbk
650 _a Competitive examinations
650 _aRailway recruitment
942 _cTB
999 _c52841
_d52841